Georgia : Third Review Under the Extended Fund Facility Arrangement-Press Release; Staff Report; Staff Supplement.

Recent economic developments. Economic activity remained strong in 2018H1 but decelerated since due to subdued private construction activity and delays in public infrastructure. Inflation has remained below the 3-percent inflation target in 2018. Higher revenues and lower investment resulted in a fi...

Descripció completa

Dades bibliogràfiques
Autor corporatiu: International Monetary Fund. Middle East and Central Asia Dept
Format: Revista
Idioma:English
Publicat: Washington, D.C. : International Monetary Fund, 2018.
Col·lecció:IMF Staff Country Reports; Country Report ; No. 2018/373
Accés en línia:Full text available on IMF
LEADER 01699cas a2200241 a 4500
001 AALejournalIMF018973
008 230101c9999 xx r poo 0 0eng d
020 |c 5.00 USD 
020 |z 9781484391549 
022 |a 1934-7685 
040 |a BD-DhAAL  |c BD-DhAAL 
110 2 |a International Monetary Fund.  |b Middle East and Central Asia Dept. 
245 1 0 |a Georgia :   |b Third Review Under the Extended Fund Facility Arrangement-Press Release; Staff Report; Staff Supplement. 
264 1 |a Washington, D.C. :  |b International Monetary Fund,  |c 2018. 
300 |a 1 online resource (74 pages) 
490 1 |a IMF Staff Country Reports 
500 |a <strong>Off-Campus Access:</strong> No User ID or Password Required 
500 |a <strong>On-Campus Access:</strong> No User ID or Password Required 
506 |a Electronic access restricted to authorized BRAC University faculty, staff and students 
520 3 |a Recent economic developments. Economic activity remained strong in 2018H1 but decelerated since due to subdued private construction activity and delays in public infrastructure. Inflation has remained below the 3-percent inflation target in 2018. Higher revenues and lower investment resulted in a fiscal surplus through September 2018. Against the background of high credit growth, the authorities introduced regulations to limit household over-indebtedness. The banking sector remains well capitalized, liquid, and profitable, but dollarization remains high. 
538 |a Mode of access: Internet 
830 0 |a IMF Staff Country Reports; Country Report ;  |v No. 2018/373 
856 4 0 |z Full text available on IMF  |u http://elibrary.imf.org/view/journals/002/2018/373/002.2018.issue-373-en.xml  |z IMF e-Library